Nuclear Weapons; princilpes, effects and survivability, Vol. 10 (Record no. 244797)
[ view plain ]
| 000 -LEADER | |
|---|---|
| fixed length control field | 00260 a2200097 4500 |
| 001 - CONTROL NUMBER | |
| control field | 9724 |
| 090 ## - LOCALLY ASSIGNED LC-TYPE CALL NUMBER (OCLC); LOCAL CALL NUMBER (RLIN) | |
| -- | 7719 |
| -- | 7719 |
| 100 ## - MAIN ENTRY--PERSONAL NAME | |
| Personal name | Grace, C S |
| 245 ## - TITLE STATEMENT | |
| Title | Nuclear Weapons; princilpes, effects and survivability, Vol. 10 |
| 260 ## - PUBLICATION, DISTRIBUTION, ETC. | |
| Place of publication, distribution, etc. | UK LOndon |
| Name of publisher, distributor, etc. | Brassey's |
| Date of publication, distribution, etc. | 1994 |
| 942 ## - ADDED ENTRY ELEMENTS (KOHA) | |
| Institution code [OBSOLETE] | NUST-CAE |
| Call number prefix | 623.45119 GRA |
| Withdrawn status | Lost status | Damaged status | Not for loan | Collection code | Permanent Location | Current Location | Date acquired | Total Checkouts | Full call number | Barcode | Date last seen | Price effective from | Koha item type |
|---|---|---|---|---|---|---|---|---|---|---|---|---|---|
| College of Aeronautical Engineering (CAE) | College of Aeronautical Engineering (CAE) | 04/03/2017 | 623.45119 GRA | CAE67548 | 04/05/2017 | 04/05/2017 | Book |
